000
002520000a22000970004500
100
1
_a
Rivera Velázquez, Melvin
245
1
0
_a
Una vida con sentido
300
_a
Vol. 49, Núm 215 (1994), Páginas 4-7
773
0
_t
La Biblia de las Américas
942
_c
ANA
999
_c
51350
_d
51350